O niektorých otázkach existencie periodických riešení nelineárnych diferenciálnych rovníc 4. rádu kandidátska dizertačná práca

Uložené v:
Podrobná bibliografia
Hlavný autor: Pinda, Ľudovít, 1958-
Ďalší autori: Šeda, Valter
Médium: Kniha
Jazyk:Slovak
Vydavateľské údaje: Bratislava 1992
Predmet:
Tagy: Pridať tag
Žiadne tagy, Buďte prvý, kto otaguje tento záznam!

MARC

LEADER 00000nam$a2200000$$$4500
001 0104083
005 20240502072134.2
041 0 |a slo 
044 |a SK 
245 1 0 |a O niektorých otázkach existencie periodických riešení nelineárnych diferenciálnych rovníc 4. rádu  |b kandidátska dizertačná práca  |c Ľudovít Pinda ; škol. Valter Šeda 
264 1 |a Bratislava  |c 1992 
300 |a 73 s. 
610 2 0 |a analýza matematická 
610 2 0 |a matematika 
100 1 |a Pinda, Ľudovít, 1958- 
700 1 |a Šeda, Valter